LEADER 01052nam0 2200301 450 001 000008623 005 20071126134255.0 010 $a978-88-464-8519-9 100 $a20071126d2007----km-y0itay50------ba 101 0 $aita 102 $aIT 105 $ay-------001yy 200 1 $aValutare le competenze per il lavoro$el'assessment nei Centri per l'impiego$fVincenzo Sarchielli, Marica Napoleone$gintroduzione di Pier Giovanni Bresciani 210 $aMilano$cFranco Angeli$dc2007 215 $a132 p.$d24 cm 225 2 $aTempo sapere esperienza$v163 410 0$12001$aTempo sapere esperienza 610 1 $aOrientamento professionale$aAspetti psicologici 610 1 $aRisorse umane$aValutazione 610 1 $aAssessment center 676 $a658.3112$v21 700 1$aSarchielli,$bVincenzo$0630694 701 1$aNapoleone,$bMarica$0630695 801 0$aIT$bUNIPARTHENOPE$c20071126$gRICA$2UNIMARC 912 $a000008623 951 $a658-V/13$b39935$cNAVA1$d2007 996 $aValutare le competenze per il lavoro$91204783 997 $aUNIPARTHENOPE